000 00363cam a22001337a 4500
008 180718b1979 xxu||||| |||| 00| 0 eng d
082 _aL86 P886
100 _aPrasad, N.K.
245 _aPrinciples and practice of cost accounting
_cby N.K. Prasad
250 _a4th ed.
260 _aCalcutta
_bBook Syndicate
_c1979
300 _av.p.
650 _aAccounting, Cost
999 _c351671
_d351671